000 00397pam a2200157a 44500
008 230515b2010 xxu||||| |||| 00| 0 eng d
020 _a81-239-0731-1
041 _aENGLISH
082 _a618.23
100 _aSETHI P D
245 _aHIGH PERFORMANCE LIGUID CHROMATOGRAPHY VOL-2
250 _a0
260 _aNEW DELHI
_bCBS PUBLISHER AND DISTRIBUTORS
_c2010
300 _a651
650 _aNULL
999 _c553021
_d553021